Statystyki dla Największe religie świata.

Kliknij tutaj aby rozwiązać quiz!

Ogólne statystyki

  • Ten quiz został rozwiązany 100 razy
  • Średni wynik to 3 z 5

Statystyki odpowiedzi

% wyznania na świecieReligia% Poprawnych
33,43%Chrześcijaństwo
98%
24,35%Islam
96%
13,78%Hinduizm
69%
7,13%Buddyzm
63%
0,36%Sikhizm
11%

Rozkład punktacji

Percentyl według liczby udzielonych odpowiedzi

Procent ludzi z każdym wynikiem

Twoja historia wyników

Nie rozwiązałeś tego quizu